00465nam a22001572 4500001001100000005001700011008004100028040001500069245008000084250001800164260004000182300001500222650003600237700003100273852000300304000002398620151217152253.0130424s xx 000 0 eng d aKABUcKABU10aProgress in clinical surgery /cby various authors; edited by Rodney Smith. aserie II ed. aLondon :bJ. & A. Churchill,c1961. ax, 327 p. 0aSurgery, Operative.@00001832741 aSmith, Rodney.@00001838421